000
00272nam a22000977a 4500
005
20250901165414.0
008
210324b ||||| |||| 00| 0 eng d
050
_a
HD62.5 .T46 1995
245
_a
Business information
_b
technologies and strategies
_c
THOMAS, RICHARD
942
_2
lcc
999
_c
3425
_d
3425